<?xml version="1.0" encoding="UTF-8"?>
<record
    xmlns:xsi="http://www.w3.org/2001/XMLSchema-instance"
    xsi:schemaLocation="http://www.loc.gov/MARC21/slim http://www.loc.gov/standards/marcxml/schema/MARC21slim.xsd"
    xmlns="http://www.loc.gov/MARC21/slim">

  <leader>00751nam a22002417a 4500</leader>
  <controlfield tag="001">74602</controlfield>
  <controlfield tag="003">BD-RjUL</controlfield>
  <controlfield tag="005">20211209082558.0</controlfield>
  <controlfield tag="008">181031r20112010ii p|||| |||| 00| 0 eng d</controlfield>
  <datafield tag="035" ind1=" " ind2=" ">
    <subfield code="a">(BD-RjUL)74820</subfield>
  </datafield>
  <datafield tag="040" ind1=" " ind2=" ">
    <subfield code="a">BD-RjUL</subfield>
    <subfield code="b">eng</subfield>
    <subfield code="c">BD-RjUL</subfield>
  </datafield>
  <datafield tag="041" ind1=" " ind2=" ">
    <subfield code="a">eng</subfield>
  </datafield>
  <datafield tag="082" ind1=" " ind2=" ">
    <subfield code="2">22</subfield>
    <subfield code="a">616.0019</subfield>
    <subfield code="b">ALH 2011</subfield>
  </datafield>
  <datafield tag="100" ind1=" " ind2=" ">
    <subfield code="a"> Allen, Felicity</subfield>
    <subfield code="9">224579</subfield>
  </datafield>
  <datafield tag="245" ind1=" " ind2=" ">
    <subfield code="a">Health psychology and behaviour /</subfield>
    <subfield code="c">Felicity Allen.</subfield>
  </datafield>
  <datafield tag="250" ind1=" " ind2=" ">
    <subfield code="a">Tata McGraw-Hill edition</subfield>
  </datafield>
  <datafield tag="260" ind1=" " ind2=" ">
    <subfield code="b">Tata McGraw-Hill Education Private ltd. ,</subfield>
    <subfield code="c">c 2010, 2011</subfield>
  </datafield>
  <datafield tag="300" ind1=" " ind2=" ">
    <subfield code="a">xxiv, 550 p.:</subfield>
    <subfield code="b">ill. ; </subfield>
    <subfield code="c">26 cm.</subfield>
  </datafield>
  <datafield tag="504" ind1=" " ind2=" ">
    <subfield code="a">Includes bibliographical reference and index.</subfield>
  </datafield>
  <datafield tag="650" ind1=" " ind2=" ">
    <subfield code="a">Clinical health psychology. </subfield>
    <subfield code="9">224580</subfield>
  </datafield>
  <datafield tag="650" ind1=" " ind2=" ">
    <subfield code="a">Health behavior.</subfield>
    <subfield code="9">224581</subfield>
  </datafield>
  <datafield tag="942" ind1=" " ind2=" ">
    <subfield code="2">ddc</subfield>
    <subfield code="c">BK</subfield>
  </datafield>
  <datafield tag="999" ind1=" " ind2=" ">
    <subfield code="c">74602</subfield>
    <subfield code="d">74602</subfield>
  </datafield>
  <datafield tag="952" ind1=" " ind2=" ">
    <subfield code="0">0</subfield>
    <subfield code="1">0</subfield>
    <subfield code="2">ddc</subfield>
    <subfield code="4">0</subfield>
    <subfield code="7">1</subfield>
    <subfield code="8">NFIC</subfield>
    <subfield code="a">RUCL</subfield>
    <subfield code="b">RUCL</subfield>
    <subfield code="c">Reading</subfield>
    <subfield code="d">2018-10-10</subfield>
    <subfield code="e">Dhaka : Orbital International Inc.</subfield>
    <subfield code="g">818.09</subfield>
    <subfield code="l">0</subfield>
    <subfield code="o">616.0019 ALH 2011</subfield>
    <subfield code="r">2018-10-31 00:00:00</subfield>
    <subfield code="t">C-1</subfield>
    <subfield code="w">2018-10-31</subfield>
    <subfield code="y">BK</subfield>
  </datafield>
  <datafield tag="952" ind1=" " ind2=" ">
    <subfield code="0">0</subfield>
    <subfield code="1">0</subfield>
    <subfield code="2">ddc</subfield>
    <subfield code="4">0</subfield>
    <subfield code="7">0</subfield>
    <subfield code="8">NFIC</subfield>
    <subfield code="a">RUCL</subfield>
    <subfield code="b">RUCL</subfield>
    <subfield code="c">Stack</subfield>
    <subfield code="d">2018-10-10</subfield>
    <subfield code="e">Dhaka : Orbital International Inc.</subfield>
    <subfield code="g">818.09</subfield>
    <subfield code="l">0</subfield>
    <subfield code="o">616.0019 ALH 2011</subfield>
    <subfield code="r">2018-10-31 00:00:00</subfield>
    <subfield code="t">C-2</subfield>
    <subfield code="w">2018-10-31</subfield>
    <subfield code="y">BK</subfield>
  </datafield>
  <datafield tag="952" ind1=" " ind2=" ">
    <subfield code="0">0</subfield>
    <subfield code="1">0</subfield>
    <subfield code="2">ddc</subfield>
    <subfield code="4">0</subfield>
    <subfield code="7">0</subfield>
    <subfield code="8">NFIC</subfield>
    <subfield code="a">RUCL</subfield>
    <subfield code="b">RUCL</subfield>
    <subfield code="c">Stack</subfield>
    <subfield code="d">2018-10-10</subfield>
    <subfield code="e">Dhaka : Orbital International Inc.</subfield>
    <subfield code="g">818.09</subfield>
    <subfield code="l">0</subfield>
    <subfield code="o">616.0019 ALH 2011</subfield>
    <subfield code="r">2018-10-31 00:00:00</subfield>
    <subfield code="t">C-3</subfield>
    <subfield code="w">2018-10-31</subfield>
    <subfield code="y">BK</subfield>
  </datafield>
  <datafield tag="952" ind1=" " ind2=" ">
    <subfield code="0">0</subfield>
    <subfield code="1">0</subfield>
    <subfield code="2">ddc</subfield>
    <subfield code="4">0</subfield>
    <subfield code="7">0</subfield>
    <subfield code="8">NFIC</subfield>
    <subfield code="a">RUCL</subfield>
    <subfield code="b">RUCL</subfield>
    <subfield code="c">Stack</subfield>
    <subfield code="d">2018-10-10</subfield>
    <subfield code="e">Dhaka : Orbital International Inc.</subfield>
    <subfield code="g">818.09</subfield>
    <subfield code="l">0</subfield>
    <subfield code="o">616.0019 ALH 2011</subfield>
    <subfield code="r">2018-10-31 00:00:00</subfield>
    <subfield code="t">C-4</subfield>
    <subfield code="w">2018-10-31</subfield>
    <subfield code="y">BK</subfield>
  </datafield>
</record>
